000 00833nam a22002897a 4500
001 0074
003 DO-SdBNP
005 20171130105433.0
007 0074
008 151005b sp 1990 00| 0 spa d
020 _a9788476553794
040 _aBPMSU
_bspa
_cBPMSU
092 _axxxxxx
_bxxxxx
100 1 0 _aParker, Steve
245 1 0 _aCómo funciona nuestro cuerpo /
_cSteve Parker; ilustaciones Giovanni Caselli, Guiliano Fornari
250 _a3a ed.
260 _aEspaña :
_bPlaza joven,
_c1990
300 _a64 p.
_bil. :
_c28 cm.
490 1 0 _aVentana al mundo
501 _aIncluye índice de nombres
700 1 0 _aCaselli, Giovanni,
_eil.
700 1 0 _aFornari, Guiliano,
_eil.
830 0 0 _aVentana al mundo
942 _2ddc
_cBK
945 _aInventariado extranjera / 2017 VM
956 _aVMATEO
_210
_b20171201
_cBPMSU
_d0069
999 _c8324
_d8324